| 000 | 02143nam a2200565 i 4500 | ||
|---|---|---|---|
| 001 | DIGSGL21ES0162 | ||
| 003 | NyNyDIG | ||
| 006 | m o d | ||
| 007 | cr ||||||||||| | ||
| 008 | 200627s2018 sp o 000 0 spa d | ||
| 035 | _a(OCoLC)1192975290 | ||
| 040 |
_aDGITA _beng _erda _epn _cDGITA |
||
| 020 |
_a9788432319167 _qeBook |
||
| 020 |
_a8432319163 _qeBook |
||
| 020 | _z9788432319150 | ||
| 020 | _z8432319155 | ||
| 050 | 1 | 4 | _aBP50 ebook |
| 082 | 0 | 4 | _a297.09 |
| 100 | 1 |
_aAnderson, Perry, _einterviewee. |
|
| 240 | 1 | 0 |
_aMosaic of Islam _lSpanish _s(Piña) |
| 245 | 1 | 3 |
_aEl mosaico del islam : _buna conversación con Perry Anderson / _cSuleiman Mourad ; traducción, Cristina Piña Aldao. |
| 264 | 1 |
_aTres Cantos, Madrid, España : _bSiglo XXI de España Editores S.A., _c[2018] |
|
| 300 | _a1 online resource. | ||
| 336 |
_atext _btxt _2rdacontent |
||
| 337 |
_acomputer _bc _2rdamedia |
||
| 338 |
_aonline resource _bcr _2rdacarrier |
||
| 347 |
_atext file _2rdaft |
||
| 347 | _bEPUB | ||
| 490 | 1 | _aSerie Ciencias sociales | |
| 504 | _aIncludes bibliographical references. | ||
| 588 | 0 | _aOnline resource; title from ePub title page (Digitalia, June 27, 2020) | |
| 600 | 1 | 0 | _aAnderson, Perry. |
| 650 | 0 |
_aIslam _xHistory. |
|
| 650 | 0 | _aIslamic sociology. | |
| 650 | 0 |
_aHistorians _vInterviews. |
|
| 650 | 0 |
_aSociologists _vInterviews. |
|
| 655 | 7 |
_aInterviews. _2lcgft |
|
| 655 | 0 | _aElectronic books. | |
| 655 | 7 |
_aInterviews. _2fast |
|
| 700 | 1 |
_aMurād, Sulaymān ʻAlī, _einterviewer. |
|
| 700 | 1 |
_aPiña, Cristina, _etranslator. |
|
| 700 | 1 |
_iTranslation of: _aAnderson, Perry. _tMosaic of Islam. |
|
| 791 | 2 |
_aDigitalia (Firm), _edistributor. |
|
| 793 | 0 |
_gDigitalia eBook Collection: _aSiglo XXI de España Editores |
|
| 776 | 0 | 8 |
_iPrint version: _aAnderson, Perry. _tMosaico del islam. _dTres Cantos, Madrid, España : Siglo XXI de España Editores S.A., 2018 _z9788432319150 |
| 830 | 0 | _aSerie Ciencias sociales (Siglo Veintiuno de España Editores) | |
| 856 | 4 | 0 |
_3Digitalia Hispánica _uhttps://www.digitaliapublishing.com/a/55191/ |
| 910 | _aPremium collection: 2020 | ||
| 942 | _cRAA | ||
| 999 |
_c254178 _d254178 |
||